000 00206 a2200097 4500
001 48214
100 _aAziz Ahmad
245 _aGhanghez Khan
260 _aLahore
_bMaktaba Jadeed
_c
090 _c31175
_d31175
942 _aNUST-CAE
_cM
_c23531
999 _c283287
_d283287